000 00623nam a22002177a 4500
003 UA-OsUOA
001 122297
007 ta
008 20170424b un ||||| |||| 00| 0 ukr d
100 _aДроздовський Д.
090 _a82
_bД75
942 _cSA
040 _aUA-OsUOA
_bfre
_cUA-OsUOA
_dUA-OsUOA
245 _aПоет як трава: життєтексти Ігоря Павлюка (Малий ювілейних нарис)
300 _aС.73-75
955 _a0
041 _afre
080 _a82
773 0 _w122288
650 7 _a82 Література. Літературознавство
_2UDC
999 _c408522
_d408522